| 000 | 00438nam a2200169Ia 4500 | ||
|---|---|---|---|
| 003 | GCL | ||
| 008 | 140319s9999 xx 000 0 eng d | ||
| 040 |
_aGCL / _cGCL |
||
| 082 | 0 | 4 |
_a690 _bB C |
| 100 | 1 | _aBARRY, R. | |
| 245 | 1 | 0 |
_aTHE CONSTRUCTION OF BUILDING: VOL.1,2,3,4,5 4RD E D / _cBARRY, R. |
| 260 |
_a[S.N] : _bELBS ، _c1982 |
||
| 650 | 0 | 4 | _aCIVIL ENGINEERING |
| 650 | 0 | 4 | _aARCHITECTURE |
| 650 | 0 | 4 | _aBUILDING |
| 942 |
_2ddc _cBK |
||
| 999 |
_c21417 _d21417 |
||